[Event "ROM-ch U10"]
[Site "Calimanesti"]
[Date "2018.04.02"]
[Round "8"]
[White "Buzuriu, Razvan Florin"]
[Black "Popescu, Stefan Adrian"]
[Result "1-0"]
[WhiteElo "1528"]
[BlackElo "1297"]
[PlyCount "47"]
[EventDate "2018.03.27"]
[EventType "swiss"]
[EventRounds "9"]
[EventCountry "ROU"]
[SourceTitle "CBM 183 Extra"]
[Source "ChessBase"]
[SourceDate "2018.04.19"]
[SourceVersion "1"]
[SourceVersionDate "2018.04.19"]
[SourceQuality "1"]

1. e4 e6 2. d4 d5 3. e5 c5 4. c3 Qb6 5. Nf3 Nc6 6. a3 cxd4 7. cxd4 Nge7 8. b4 Nf5 9. Be3 Bd7 10. Bd3 Nfxd4 11. Nxd4 Nxd4 12. 0-0 Be7 13. Qg4 0-0 14. Bxd4 Qd8 15. Nd2 a6 16. Be3 Kh8 17. Nb3 f6 18. exf6 Bxf6 19. Qh5 h6 20. Bxh6 Kg8 21. Be3 Rf7 22. Qh7+ Kf8 23. Qh8+ Ke7 24. Bc5# 1-0

[Event "EU-ch U08 27th"]
[Site "Mamaia"]
[Date "2017.09.11"]
[Round "6"]
[White "Popescu, Stefan Adrian"]
[Black "Azadaliyev, Jahandar"]
[Result "1-0"]
[WhiteElo "1180"]
[BlackElo "1423"]
[PlyCount "65"]
[EventDate "2017.09.05"]
[EventType "swiss"]
[EventRounds "9"]
[EventCountry "ROU"]
[SourceTitle "CBM 180 Extra"]
[Source "ChessBase"]
[SourceDate "2017.10.06"]
[SourceVersion "1"]
[SourceVersionDate "2017.10.06"]
[SourceQuality "1"]

1. e4 e5 2. Nf3 Nc6 3. Bc4 Nf6 4. d3 Bc5 5. Bg5 h6 6. Bh4 g5 7. Bg3 d6 8. h3 Qe7 9. Nc3 Be6 10. Nd5 Qd8 11. a3 a5 12. 0-0 Rg8 13. c3 g4 14. hxg4 Rxg4 15. Bh4 Bxd5 16. exd5 Na7 17. Re1 Kd7 18. Bxf6 Qg8 19. Nh4 Rf4 20. Qa4+ Kc8 21. d4 Rxf6 22. dxc5 Rf4 23. cxd6 cxd6 24. Qb3 Rxh4 25. Bd3 Rf4 26. Qb6 Qd8 27. Qe3 Qd7 28. Rac1 Kd8 29. c4 Ke7 30. Qxf4 Rg8 31. Qf5 Qxf5 32. Bxf5 Kf6 33. Bh3 1-0

[Event "ROM-ch U08"]
[Site "Baile Felix"]
[Date "2017.02.06"]
[Round "6"]
[White "Popescu, Stefan Adrian"]
[Black "Radu, Teodor"]
[Result "0-1"]
[WhiteElo "1133"]
[BlackElo "1204"]
[PlyCount "140"]
[EventDate "2017.02.02"]
[EventType "swiss"]
[EventRounds "9"]
[EventCountry "ROU"]
[SourceTitle "CBM 176 Extra"]
[Source "ChessBase"]
[SourceDate "2017.03.02"]
[SourceVersion "1"]
[SourceVersionDate "2017.03.02"]
[SourceQuality "1"]

1. e4 c5 2. Nf3 Nc6 3. d4 cxd4 4. Nxd4 g6 5. Nc3 Bg7 6. Be3 Nf6 7. Bc4 Qa5 8. f3 Qb4 9. Bb3 0-0 10. Qd2 Rd8 11. 0-0-0 Qd6 12. Nxc6 Qxc6 13. Ba4 Qc7 14. Bb3 d6 15. Nd5 Nxd5 16. Qxd5 Be6 17. Qd3 Bxb3 18. Qxb3 Rdc8 19. Bd4 Bxd4 20. Rxd4 Qc6 21. Rd3 a5 22. Rc3 Qd7 23. Rxc8+ Rxc8 24. Rd1 Qc6 25. a4 Rb8 26. Rd3 Qc5 27. Re3 Qg5 28. g3 Rc8 29. Kd2 Rb8 30. f4 Qh5 31. h4 Qg4 32. Rc3 Qd7 33. Qb6 Qxa4 34. Kd3 Qd7 35. Qxa5 Rc8 36. Rxc8+ Qxc8 37. Qd2 Qa8 38. Ke3 Qa6 39. Qd3 Qa1 40. b3 Qe1+ 41. Kd4 Qb4+ 42. Qc4 Qb6+ 43. Kc3 Qe3+ 44. Qd3 Qe1+ 45. Kc4 Kg7 46. Qc3+ Qxc3+ 47. Kxc3 Kf6 48. Kd4 Ke6 49. c4 Kd7 50. e5 dxe5+ 51. Kxe5 f6+ 52. Ke4 Ke6 53. b4 f5+ 54. Kf3 Kd6 55. Ke3 e5 56. fxe5+ Kxe5 57. c5 h6 58. b5 Kd5 59. Kf4 Kxc5 60. Ke5 Kxb5 61. Kf6 Kc5 62. Kxg6 b5 63. Kxf5 b4 64. Ke4 Kc4 65. g4 b3 66. g5 hxg5 67. hxg5 b2 68. Ke5 b1Q 69. Kf6 Qh7 70. g6 Qg8 0-1